The Roald Dahl treasury. (Record no. 106283)
[ view plain ]
| 000 -LEADER | |
|---|---|
| fixed length control field | 00534nam a2200145 a 4500 |
| 005 - DATE AND TIME OF LATEST TRANSACTION | |
| control field | 20140412111428.0 |
| 008 - FIXED-LENGTH DATA ELEMENTS--GENERAL INFORMATION | |
| fixed length control field | 090627s19uu xx 00 eng d |
| 020 ## - INTERNATIONAL STANDARD BOOK NUMBER | |
| International Standard Book Number | 0-439-61117-2 |
| 050 ## - LIBRARY OF CONGRESS CALL NUMBER | |
| Classification number | M 808.83 |
| Item number | D13 2003 |
| 245 ## - TITLE STATEMENT | |
| Title | The Roald Dahl treasury. |
| 260 ## - PUBLICATION, DISTRIBUTION, ETC. (IMPRINT) | |
| Place of publication, distribution, etc | U.S.A : |
| Name of publisher, distributor, etc | Scholastic, |
| Date of publication, distribution, etc | 2003. |
| 300 ## - PHYSICAL DESCRIPTION | |
| Extent | 444p. |
| 500 ## - GENERAL NOTE | |
| General note | With 75 selections from the best loved books including Charlie and the Chocolate Factory, James and the giant peach, The BFG, The Twits, Matilda, Fantastic Mr. Fox, Boy and many more. |
| Withdrawn status | Lost status | Damaged status | Use restrictions | Home library | Current library | Shelving location | Date acquired | Source of acquisition | Cost, normal purchase price | Total Checkouts | Full call number | Barcode | Date last seen | Price effective from | Koha item type |
|---|---|---|---|---|---|---|---|---|---|---|---|---|---|---|---|
| Elizalde Library | Elizalde Library | Main Section | 06/27/2009 | 195.00 | M 808.83 D13 2003 | E11540 | 04/12/2014 | 04/12/2014 | Books |